Complétez la réplique de RRRrrrr!!! - Statistiques

Statistiques générales
  • Ce quiz a été pris 155 fois
  • Le résultat moyen est 5 sur 15
Statistiques - réponses
Hint Réponse % Correct
Ca va être tout noir ! ________ Ta gueule
99%
Je peux te dire un court poème ? Oui._____ Le ciel
52%
Une petite partie de _________ Biche-volley ?
44%
Si c'est pas un animal qui l'a tué_________ c'est peut-être un végétal
44%
Guitare ______, Guitare_________ Couture
41%
Bon d'accord, elle reste. Mais ________ Lui il part
37%
Donc votre chef c'est le chauve ? Non c'est moi !
33%
On fait une descente au village et on arrête tous ceux qui___________ étaient de dos hier
30%
Je suis pas trop sûr du début________ Si "le" c'est bien
27%
Les doigts de pieds c'est pas un ______ Orifice
25%
Faut faire ________ en fait. Un trou
17%
Joliiii ! Et encore, tu m'as pas vu _________ pisser debout
14%
Tu les as tous réussis__________ Sauf ceux à la terre
12%
Vous êtes __________ la fille de mes rèves le sosie de
9%
Tu me la garde______ à vue
6%
Aucun quiz correspondant
Distribution des résultats
% des personnes avec chaque résultat
Percentile par nombre de réponses
Votre historique - résultats
Vous n’avez pas pris ce quiz